书目信息 |
| 题名: |
网络新世纪 电子商务手册
|
|
| 作者: | 薛鑫 , 翟焱 编 | |
| 分册: | ||
| 出版信息: | 北京 化学工业出版社 2000.03 |
|
| 页数: | 183页 | |
| 开本: | 16开 | |
| 丛书名: | ||
| 单 册: | ||
| 中图分类: | F716-62 | |
| 科图分类: | ||
| 主题词: | 商业经济--国内 | |
| 电子资源: | ||
| ISBN: | 7-5025-2676-5 | |
| 000 | 00608nam0 2200205 45 | |
| 001 | 0010070998 | |
| 005 | 20001007092046.4 | |
| 010 | @a7-5025-2676-5@d22.00元 | |
| 100 | @a20001007d2000 km y0chiy0120 ea | |
| 101 | 0 | @achi |
| 105 | @a z 000yy | |
| 200 | 1 | @a网络新世纪 电子商务手册@AWang Luo Xin Shi Ji Dian Zi Shang Wu Shou Ce@f薛鑫,翟焱编@FXue Xin,Zhai Yan Bian |
| 210 | @a北京@c化学工业出版社@d2000.03 | |
| 215 | @a183页@d16开 | |
| 606 | 0 | @a商业经济@x国内 |
| 690 | @aF716-62@v3 | |
| 701 | 0 | @a薛鑫@4编 |
| 701 | 0 | @a翟焱@4编 |
| 801 | @aCN@bPftUser@c20001007 | |
| 905 | @b169408-410@dF716-62@eS490@f3 | |
| 网络新世纪 电子商务手册/薛鑫,翟焱编.-北京:化学工业出版社,2000.03 |
| 183页;16开 |
| ISBN 7-5025-2676-5:22.00元 |
| ● |
| 相关链接 |
|
|
|
正题名:网络新世纪电子商务手册
索取号:F716-62/S490
 
预约/预借
| 序号 | 登录号 | 条形码 | 馆藏地/架位号 | 状态 | 备注 |
| 1 | 169408 | 201694087 | 社科库409/409社科库 45排6列4层/ [索取号:F716-62/S490] | 在馆 | |
| 2 | 169409 | 201694096 | 社科库409/422社科库 13排2列6层/ [索取号:F716-62/S490] | 在馆 | |
| 3 | 169410 | 201694103 | 社科库409/ [索取号:F716-62/S490] | 在馆 |